000 00575cab a2200193 4500
001 WB2243-14
008 090401t1986 xxu||||| |||| 00| 0 eng d
035 _a(Sirsi) u13914
041 _aeng
245 _aLabour`s plan for tax relief on mortgages
260 _c1986
350 _a0
490 _aTimes
_v29/10/86 p1 and 24
520 _aOutlines Neil Kinnock`s proposals for altering the system of mortgage tax relief to shift its allocation to those most in need.
650 _aLABOUR PARTY POLICY
690 _aHOUSING-FINANCE
942 _n0
948 _c04/03/1997
999 _c8988
_d8988